Vista normal Vista MARC

Entrada Nombre corporativo

Número de registros utilizados en: 3

001 - NÚMERO DE CONTROL

  • campo de control: 13227

003 - IDENTIFICADOR DE NÚMERO DE CONTROL

  • campo de control: OSt

005 - FECHA Y HORA DE LA ÚLTIMA TRANSACCIÓN

  • campo de control: 20260518165419.0

008 - ELEMENTOS DE DATO DE LONGITUD-FIJA

  • campo de control de longitud fija: 221005|| aca||aabn | a|a d

040 ## - FUENTE DE CATALOGACIÓN

  • Centro catalogador/agencia de origen: OSt
  • Centro/agencia transcriptor: OSt

110 ## - ENCABEZAMIENTO-NOMBRE DE ENTIDAD CORPORATIVA

  • Nombre de entidad corporativa o nombre de jurisdicción como elemento de entrada: CCOO.
  • Unidad subordinada: USMR
  • Sede del congreso/Lugar de la reunión: Congreso
  • Número del congreso/reunión o número de parte o sección:
  • Fecha del congreso o de la firma del tratado: 1983
  • Sede del congreso/Lugar de la reunión: Madrid

670 ## - FUENTE DE DATOS ENCONTRADOS

  • Cita de la fuente: Work cat.: (OSt)13312: CCOO. USMR Congreso 3º 1983 Madrid, Ponencias del III Congreso de la Unión Sindical de Madrid Región de CC.OO, 1983

Con tecnología Koha